000 00562nam a2200181Ia 4500
008 090123s9999 xx 000 0 und d
082 _b37632
_a891.463/कदम
100 _aकदम अनंत
245 _aइये साहित्यनगरी
250 _a1
260 _bअनघा प्रकाशन
_c2004
300 _a192
600 _aकदम अनंत
630 _aइये साहित्यनगरी
700 _aकदम अनंत
730 _aइये साहित्यनगरी
942 _cBOOK
999 _c75699
_d75699